000 00425nam a2200181Ia 4500
003 STCL
008 181203s9999 xx 000 0 und d
020 _a9788126452330
040 _aSTCL
_bEN
_cSTCL
082 _222
100 _aBalakrishnan, C.V.
245 0 _aലൈബ്രേറിയൻ
246 _aLibrarian
260 _bD C Books
_aKottayam
_c2015
300 _a111
546 _aMalayalam
942 _2ddc
_cBK
999 _c85771
_d85771